Quiz wpisz jak najwięcej liczb #3 - Statystyki

Ogólne statystyki
  • Ten quiz został rozwiązany 68 razy
  • Średni wynik to 14 z 15
Statystyki odpowiedzi
;/ 1-15 % Poprawnych
;/ 3
100%
;/ 1
98%
;/ 2
98%
;/ 4
98%
;/ 5
98%
;/ 9
98%
;/ 6
95%
;/ 7
95%
;/ 8
95%
;/ 10
93%
;/ 11
93%
;/ 12
93%
;/ 13
93%
;/ 15
91%
;/ 14
89%
Nie znaleziono quizów pasujących do podanych kryteriów
Rozkład punktacji
Procent ludzi z każdym wynikiem
Percentyl według liczby udzielonych odpowiedzi
Twoja historia wyników
Nie rozwiązałeś tego quizu